000
00329nam a2200145Ia 4500
008
230917s9999||||xx |||||||||||||| ||und||
040
_e
108014
_a
MAIN
041
_a
English
082
_a
657 I2N
100
_a
ICFAI
245
0
_a
New vistas in accounting. V2
260
_a
Hyderabad
_b
ICFAI
300
_a
194 p.
942
_c
BK
999
_c
123125
_d
123125